000 00880nam a2200253Ia 4500
003 OSt
005 20220923211043.0
006 a|||||r|||| 00| 0
007 ta
008 Pun
020 _a8173808694 (hbk)
_c200
024 _a284,644
037 _b931, 27/03/2015, H.K. Prakashan
_cTextual
040 _aARTS
_cARTS
_bPun
041 _2Pun
_aPun
082 _aO153,2x, P3
100 _aਵਰਮਾ, ਸਤੀF ਕੁਮਾਰ, ਥਦ.
_9157655
245 0 _aਚੋਣਵਾਂ ਪਾਕਿਸਤਾਨੀ ਪੰਜਾਬੀ ਨਾਟਕ
260 _aਪਟਿਆਲਾ
_b ਪੰਜਾਬੀ ਯੂਨੀਵਰਸਿਟੀ
_c2003
300 _a208ਪੰ
_ccm.
650 _aਪੰਜਾਬੀ ਸਾਹਿਤ
942 _hO153,2x, P3
_cTEXL
_2CC
999 _c294547
_d294547